Gentle Steel: (Record no. 196394)

MARC details
000 -LEADER
fixed length control field 00573nam a22001817a 4500
005 - DATE AND TIME OF LATEST TRANSACTION
control field 20230619124447.0
010 ## - LCCN (DPL NO)
LC control number ENG-133027
020 ## - INTERNATIONAL STANDARD BOOK NUMBER
International Standard Book Number 9788184621266
Terms of availability 250.00
035 ## - SYSTEM CONTROL NUMBER
System control number EN-116559
037 ## - SOURCE OF ACQUISITION
Source of stock number/acquisition DBAD/PUB
082 ## - DEWEY DECIMAL CLASSIFICATION NUMBER
Classification number S
100 ## - MAIN ENTRY--PERSONAL NAME
Personal name Rajagopalan, Janaki
245 ## - TITLE STATEMENT
Title Gentle Steel:
Remainder of title Everyday Stories of Women Like us/
Statement of responsibility, etc Janaki Rajagopalan
260 ## - PUBLICATION, DISTRIBUTION, ETC. (IMPRINT)
Place of publication, distribution, etc Mumbai
Name of publisher, distributor, etc A Division of Vakils, Feffer and Simons Pvt. Ltd.
Date of publication, distribution, etc 2016
270 ## - ADDRESS
Address Industry Manor, Appasaheb Marathe Marg, Prabhadevi
City Mumbai
Postal code 400025
300 ## - PHYSICAL DESCRIPTION
Extent 124p.
Dimensions 21cm(pbk)
942 ## - ADDED ENTRY ELEMENTS (KOHA)
Source of classification or shelving scheme Dewey Decimal Classification
Item type English Books
Call number suffix RAJ
Classification part S

No items available.


© Delhi Public Library
Hit Counter
free hit counter